Name the best airlines - top 10 best airlines - Statistics

General Stats
  • This quiz has been taken 118 times
  • The average score is 4 of 10
Answer Stats
Answer % Correct
Emirates
90%
Singapore Airlines
62%
Qatar Airways
61%
Lufthansa
56%
Air France
44%
KLM
44%
Japan Airlines
42%
Hainan Airlines
4%
Qantas Airways
4%
ANA All Nippon Airways
0%
No matching quizzes found
Score Distribution
Percent of People with Each Score
Percentile by Number Answered
Your Score History
You have not taken this quiz